Asian expressions of christian commitment : (Record no. 155761)

MARC details
000 -LEADER
fixed length control field 00573nam a22001817a 4500
003 - CONTROL NUMBER IDENTIFIER
control field dpl
005 - DATE AND TIME OF LATEST TRANSACTION
control field 20180810162157.0
008 - FIXED-LENGTH DATA ELEMENTS--GENERAL INFORMATION
fixed length control field 180810b xxu||||| |||| 00| 0 eng d
010 ## - LIBRARY OF CONGRESS CONTROL NUMBER
LC control number A-715668
016 ## - NATIONAL BIBLIOGRAPHIC AGENCY CONTROL NUMBER
Record control number A-715668
035 ## - SYSTEM CONTROL NUMBER
System control number A-715668
040 ## - CATALOGING SOURCE
Transcribing agency 0
082 ## - DEWEY DECIMAL CLASSIFICATION NUMBER
Classification number 280.3
245 ## - TITLE STATEMENT
Title Asian expressions of christian commitment :
Statement of responsibility, etc by Dayanandan francis, Balasundaram. J
Remainder of title A reader in asian theology /
260 ## - PUBLICATION, DISTRIBUTION, ETC. (IMPRINT)
Place of publication, distribution, etc Madras
Name of publisher, distributor, etc The christian literature society
Date of publication, distribution, etc 1992
300 ## - PHYSICAL DESCRIPTION
Extent ix, 416p.
Dimensions 22cm. (Hb)
942 ## - ADDED ENTRY ELEMENTS (KOHA)
Institution code [OBSOLETE] dpl
Koha item type English Books
Call number prefix 280/ FRA
Source of classification or shelving scheme Dewey Decimal Classification
Classification part 280
Call number suffix FRA
Holdings
Withdrawn status Lost status Source of classification or shelving scheme Damaged status Not for loan Collection code Home library Current library Date acquired Source of acquisition Cost, normal purchase price Total Checkouts Full call number Barcode Date last seen Cost, replacement price Price effective from Koha item type
    Dewey Decimal Classification     Non-fiction Shahdara Branch Shahdara Branch 10/08/2018 BPPD/PUB 0.00   280 FRA A-715668 10/08/2018 0.00 10/08/2018 English Books

© Delhi Public Library
Hit Counter
free hit counter